Englightenment, nationalism, orthodoxy : studies in the culture and political thought of south-eastern Europe
Αποθηκεύτηκε σε:
| Κύριος συγγραφέας: | |
|---|---|
| Μορφή: | Βιβλίο |
| Γλώσσα: | English |
| Δημοσίευση: |
Aldershot :
Variorum,
1994
|
| Σειρά: | Collected studies
|
| Θέματα: | |
| Ετικέτες: |
Προσθήκη ετικέτας
Δεν υπάρχουν, Καταχωρήστε ετικέτα πρώτοι!
|
MARC
| LEADER | 00000nam a2200000 i 4500 | ||
|---|---|---|---|
| 001 | 1/12508 | ||
| 008 | 971010s1994 eng d | ||
| 020 | |a 0-86078-443-6 | ||
| 035 | |1 ΠΑΡ |a 1997 |l 10018657 | ||
| 040 | |a GR-MY-UA |b gre |e aacr | ||
| 041 | 0 | |a eng | |
| 082 | 0 | |a 949.8 | |
| 100 | 1 | |a Κιτρομηλίδης, Πασχάλης Μ. | |
| 245 | 1 | 0 | |a Englightenment, nationalism, orthodoxy : |b studies in the culture and political thought of south-eastern Europe / |c Pascalis M. Kitromilides |
| 260 | |a Aldershot : |b Variorum, |c 1994 | ||
| 300 | |a 192 p. | ||
| 490 | 1 | |a Collected studies | |
| 504 | |a Includes bibliographical references and index | ||
| 650 | 0 | 0 | |a Enlightenment |z Balkan Peninsula. |
| 650 | 0 | 0 | |a Nationalism |z Balkan Peninsula. |
| 651 | 0 | |a Balkan Peninsula |x Civilization |y 18th century. | |
| 651 | 0 | |a Balkan Peninsula |x Civilization |y 19th century. | |
| 830 | 0 | |a Collected studies | |
| 852 | |a INST |b LESVOS |e 19971010 |h 949.8 ΚΙΤ |p 005100015544 |q 005100015544 |t BK |y 0 | ||
| 909 | |a Λ |b 051014 | ||